LEADER 00996nam a2200253 i 4500 001 991001411849707536 008 s2005 it 000 0 ita d 020 $a8820737868 035 $ab13368497-39ule_inst 040 $aDip. SSC$bita 082 0 $a361.610945 245 13$a Il malessere del Welfare /$ca cura di Giovanna Vicarelli 260 $aNapoli :$bLiguori,$c2005 300 $aX, 326 p. ;$c24 cm 440 0$aProfili$pTeorie & oggetti delle scienze sociali ;$v14 650 4$aWelfare State$zItalia 700 1 $aVicarelli, Giovanna 907 $a.b13368497$b23-05-07$c11-01-06 912 $a991001411849707536 945 $aLE021 DI9BISB83$g1$i2021000122279$lle021$nBarrucci$o-$pE0.00$q-$rl$s- $t0$u1$v0$w1$x0$y.i14175332$z11-01-06 945 $aLE023 361.6 VIC 1 1 $g1$i2023000095225$lle023$o-$pE21.00$q-$rl$s- $t0$u1$v0$w1$x0$y.i14459978$z23-05-07 996 $aMalessere del welfare$9736122 997 $aUNISALENTO 998 $ale021$ale023$b11-01-06$cm$d- $e-$fita$git $h3$i0